An Introduction to the theory of statistics / (Record no. 2659)

MARC details
000 -LEADER
fixed length control field 00639nam a22002172 4500
001 - CONTROL NUMBER
control field 0000004401
005 - DATE AND TIME OF LATEST TRANSACTION
control field 20151217145806.0
008 - FIXED-LENGTH DATA ELEMENTS--GENERAL INFORMATION
fixed length control field 070523s xx 000 0 eng d
040 ## - CATALOGING SOURCE
Original cataloging agency KABU
Transcribing agency KABU
050 #0 - LIBRARY OF CONGRESS CALL NUMBER
Classification number QA276
Item number A2Y85
100 1# - MAIN ENTRY--PERSONAL NAME
Personal name Yule, G. Undy.
-- 0000154941
245 13 - TITLE STATEMENT
Title An Introduction to the theory of statistics /
Statement of responsibility, etc. G. Undy and M. G. Kendall.
250 ## - EDITION STATEMENT
Edition statement 14th ed.
260 ## - PUBLICATION, DISTRIBUTION, ETC. (IMPRINT)
Place of publication, distribution, etc. New Delhi :
Name of publisher, distributor, etc. Universal Book Stall,
Date of publication, distribution, etc. ?.
300 ## - PHYSICAL DESCRIPTION
Extent xxiv, 701 p.
650 #0 - SUBJECT ADDED ENTRY--TOPICAL TERM
Topical term or geographic name as entry element Statistics.
-- 0000149871
700 1# - ADDED ENTRY--PERSONAL NAME
Personal name Kendall, M. G.
-- 0000154942
908 ## - PUT COMMAND PARAMETER (RLIN)
Put command parameter 070523
950 ## - LOCAL HOLDINGS (RLIN)
-- 1
Holdings
Withdrawn status Lost status Source of classification or shelving scheme Not for loan Home library Current library Date acquired Total Checkouts Full call number Barcode Date last seen Price effective from Koha item type
    Library of Congress Classification   Kabarak, Main Campus Kabarak, Main Campus 17/12/2015   QA276 A2Y85 008508 17/12/2015 17/12/2015 General Collection
Designed with assistance from East African Informatics Ltd